| 000 | 00527nam a2200205Ia 4500 | ||
|---|---|---|---|
| 005 | 20231213101023.0 | ||
| 008 | 131103s9999 xx 000 0 und d | ||
| 020 | _cRs.40 | ||
| 040 | _aLoreto College | ||
| 041 | _aEnglish | ||
| 082 |
_a425 _bLEW |
||
| 100 | _aLewis,Norman | ||
| 245 |
_aWord power _cNorman Lewis |
||
| 260 |
_aNew Delhi _bBook Palace by arrangement with Bloombury Publishing Ltd. _c1949 |
||
| 300 | _axiii,512 p. | ||
| 504 | _aIncludes index | ||
| 650 | _aWord Power | ||
| 850 | _aLCLIB | ||
| 942 | _cBK | ||
| 999 |
_c6351 _d56830 |
||